00279nam a2200121Ia 4500008004100000041000800041082001000049100001500059245002400074260004300098300000800141365000800149231011s9999 xx 000 0 und d aeng a153.9 aWenger Win aThe Einstein Factor bThree Rivers Press Pub. New Yorkc1995 a332 b347